000 01083cam a22003017a 4500
001 15209194
005 20080317101356.0
008 080306s2008 caua b 001 0 eng
010 _a 2008295475
015 _aGBA781378
_2bnb
016 7 _a014056936
_2Uk
020 _a9780321515384 (pbk.)
020 _a0321515382 (pbk.)
035 _a(OCoLC)ocn154806674
040 _aUKM
_cUKM
_dBTCTA
_dBAKER
_dYDXCP
_dIXA
_dDLC
042 _alccopycat
050 0 0 _aTK5105.888
_b.M3785 2008
082 0 4 _a006.7
_222
_bMCI
100 1 _aMcIntire, Penny.
_94927
245 1 0 _aVisual Design for the modern web /
_cPenny McIntire.
260 _aBerkeley, CA :
_bNew Riders,
_cc2008.
300 _aviii, 352 p. :
_bill. (some col.) ;
_c23 cm.
500 _aIncludes index.
650 0 _aWeb sites
_xDesign.
_94928
942 _2ddc
_cBB
999 _c11571
_d11571